Charcoal production using a transportable metal kiln
| Main Author: | |
|---|---|
| Other Authors: | |
| Format: | Book |
| Published: |
London :
Tropical Products Institute ,
1980
|
| Series: | Rural technology guide; 12
|
| Subjects: |
MARC
| LEADER | 00000cam a2200000 7i4500 | ||
|---|---|---|---|
| 001 | 0000002834 | ||
| 005 | 20040120.0 | ||
| 020 | 0 | 0 | |a 0859541177 |
| 090 | 0 | 0 | |a 662.74 |b PAD 1980 |
| 100 | 1 | 0 | |a PADDON |h A. R. |
| 245 | 1 | 0 | |a Charcoal production using a transportable metal kiln |c A. R. Paddon and A. P. Harker |
| 260 | 0 | 0 | |a London : |b Tropical Products Institute , |c 1980 |
| 300 | |a 18 p. : |b ill. ; |c 30 cm. | ||
| 440 | 0 | 0 | |a Rural technology guide; 12 |
| 650 | 0 | 0 | |a Charcoal |
| 700 | 0 | 1 | |a Harker |h A. P. |
| 998 | |a JPSM | ||
| 999 | |a 0000004476 |b Monograph |c Open Shelf |e Default branch | ||